000 00654nam a2200169 i 4500
001 190100
003 ES-MaACL
005 20251014063307.0
008 200729s1867 po |||| | por d
100 1 _aMartins, Sousa,
_d1843-1897
_9170212
245 1 2 _aO pneumogastrico, os antimoniaes e a pneumonia, memoria /
_cescripta por José Thomaz de Sousa Martins/.
260 _aLisboa :
_bTyp. da Academia,
_c1867.
300 _a179 p.
500 _aMemorias da Academia Real das sciencias de Lisboa. Classe de sciencias mathematicas, physicas e naturaes. Nova series. T. IV. P. I, 6.
852 _aES-MaACL
_jT-656-F-6
999 _c190100
_d190100